000 00913cam a22001934a 4500
005 20250605164040.0
008 250528s ||||||||||||||||||||||||d
035 _a16969
020 _a701207922
040 _aGR-AtMCL
_bgre
_dGR-AtMCL
_eAACR2
245 1 _aCulture & Society / Coleridge to Orwell
260 _bThe Hogarth Press,
_c1993
300 _a364
520 _aIntroduction, The Key Words: Industry - Democracy - Class - Art - Art - Culture, A Nineteenth-Century Tradition, Contrasts, The Romantic Artist, Mill on Bentham and Coleridge, Thomas Carlyle, The Industrial Novels, J. H. Newman and Matthew Arnold, Art and Society, Interregnum, Twentieth-Century Opinions, D. H. Lawrence, R. H. Tawney, T. S. Eliot. Two Literary Critics, Marxism and Culture, George Orwell, Conclusion, References, Index.
700 1 _aWilliams Raymond
_9642
942 _cBK
999 _c2412
_d2412